Les mots de la langue française terminés par "val" - Statistiques

Statistiques générales
  • Ce quiz a été pris 230 fois
  • Le résultat moyen est 7 sur 18
Statistiques - réponses
Indice Mot % Correct
approbation aval
88%
Rio carnaval
83%
animal cheval
80%
concurrent rival
77%
ville de Mayenne Laval
74%
zoo Beauval
51%
licorne narval
43%
combat naval
40%
manifestation festival
35%
du raisin uval
31%
chat serval
26%
Gallois Perceval
18%
balance roberval
18%
ville des Yvelines Bougival
16%
temps estival
16%
bière orval
7%
fromage cascaval
1%
rassemblement teknival
1%
Aucun quiz correspondant
Distribution des résultats
% des personnes avec chaque résultat
Percentile par nombre de réponses
Votre historique - résultats
Vous n’avez pas pris ce quiz